| 000 | 00833nam a22002657a 4500 | ||
|---|---|---|---|
| 003 | CHAP | ||
| 005 | 20220329135517.0 | ||
| 008 | 971013s r 00010 d | ||
| 010 | _a37795 | ||
| 011 | _a38767 | ||
| 035 | _a42887 | ||
| 040 | _cCHAP | ||
| 090 | _aR-2840 | ||
| 100 | 0 | 0 |
_aQuijano Solís, Alvaro. _993312 |
| 245 |
_aDiseño de sistemas _b: un enfoque metodológico |
||
| 500 | _aSobretiro de : Jornadas Mexicanas de Biblioteconomía (13 : 1982 : Hermosillo, Son.) | ||
| 590 |
_aBATCH-UPD _b10 _c20130110 _lUCH01 _h1303 |
||
| 590 |
_aBATCH-UPD _b10 _c20130410 _lUCH01 _h0820 |
||
| 590 |
_aBATCH-UPD _b10 _c20130914 _lUCH01 _h2011 |
||
| 590 |
_aCONVERSION _b10 _c20130109 _lUCH01 _h1321 |
||
| 650 | 1 | 4 |
_aSistemas de información. _9106760 |
| 901 | _aBK | ||
| 942 | _cREIMP | ||
| 949 |
_aR-2840 _bBC _cR _d-98573 _eTS1 _i42887 _si |
||
| 999 |
_c37795 _d37795 |
||